Norwegian Players In The Prem 25/26 - Statistics

General Stats
  • This quiz has been taken 33 times
    29 since last reset
  • The average score is 6 of 9
Answer Stats
Club Positon Player % Correct
Manchester City ST Erling Haaland
100%
Arsenal CM/CAM Martin Ødegaard
100%
Mancehster City RW Oscar Bobb
96%
Wolverhampton ST Jørgen Strand-Larsen
88%
Fulham CM/CDM Sander Berge
85%
Brentford CB/RB Kristoffer Ajer
73%
Wolverhampton LB/LM/RM David Møller Wolfe
65%
Manchester City CM/CAM Sverre Nypan
31%
Sunderland LB Leo Hjelde
8%
No matching quizzes found
Score Distribution
Percent of People with Each Score
Percentile by Number Answered
Your Score History
You have not taken this quiz since the last reset